The european cockpit
Saved in:
| Hovedforfatter: | |
|---|---|
| Format: | Bog |
| Sprog: | engelsk |
| Udgivet: |
Nueva York
MacMillan
1947
|
| Fag: | |
| Tags: |
Tilføj Tag
Ingen Tags, Vær først til at tagge denne postø!
|
MARC
| LEADER | 00000nam a2200000 a 4500 | ||
|---|---|---|---|
| 001 | UCT7050 | ||
| 003 | CL-VaPUC | ||
| 008 | 970116e19470000US |||||||||||||||||eng|d | ||
| 082 | 0 | 4 | |a 327.16 |b CHA |2 21 |
| 100 | 0 | |a Chamberlin, William Henry |e author |9 377638 | |
| 245 | 1 | 4 | |a The european cockpit |
| 300 | |a 330 p | ||
| 942 | |c BK | ||
| 945 | |d 19970116 00:00:00 |a paguirre | ||
| 260 | |a Nueva York |b MacMillan |c 1947 | ||
| 650 | 0 | |a Relaciones Internacionales |9 255740 | |
| 650 | 0 | |a Guerra Fría |9 319648 | |
| 650 | 0 | |a Política internacional |9 255813 | |
| 650 | 7 | |a TENSION INTERNACIONAL |2 CL-VaPUC |9 341260 | |
| 650 | 7 | |a CONFLICTO |2 CL-VaPUC |9 337242 | |
| 651 | 0 | |a Unión Soviética |9 256769 | |
| 651 | 0 | |a Rusia |9 256106 | |
| 651 | 0 | |a Alemania |9 255688 | |
| 651 | 0 | |a Europa |9 255156 | |
| 651 | 0 | |a Inglaterra |9 255158 | |
| 583 | |a last modification |c 19970116 00:00:00 |k Rodrigo Vera | ||
| 999 | |c 255712 |d 255710 | ||
| 952 | |0 0 |1 0 |4 0 |6 327_160000000000000_CHA_1947 |7 0 |8 A |9 278094 |a BIBDER |b BIBDER |d 2019-11-19 |i 1805665 |o 327.16 CHA 1947 |p 1805665 |r 2023-01-25 |w 2019-11-19 |y BK |k DER | ||